000 00742nam a2200217 u 4500
005 20220812063830.0
008 070919s2004 r 000 0 eng d
020 _a9701040554
035 _aUPN01000152003
049 _aCG
050 4 _aHD30.28
_bT4.28 2004
100 1 _aThompson, Arthur A.,
_d1940-
245 1 0 _aAdministración estratégica :
_btextos y casos /
_cArthur A. Thompson, A. J. Strickland ; tr. Ma. del Pilar Carril Villarreal.
250 _a13a ed.
260 _aMéxico :
_bMcGraw-Hill,
_c2004.
300 _axli, 447, 398, 20 p.
534 _pTítulo original:
_tStrategic management : concepts and cases
650 4 _aPlanificación estratégica
_91106
700 1 _aStrickland, Alonzo J.,
_ecoaut.
905 _aLibro
999 _c124138
_d124138